00869nam a2200193 a 450000100100000000500170001000800410002704000250006808200140009324500340010726001020014130000270024350000220027004900090029295201270030195201120042895201180054099900170065800002996820200930055940.0110428s1988 dr a 000 0 spa d aDO-SdBNPbspacBNPHU axxxbR33700aReglas oficiales mini basket. aSanto Domingo, :bSecretaría de Estado de Deportes, educación Física y Recreación,c1988. a43 p. :bil. ;c21 cm. aPortada en ingles aBNPD 001054708DSaGRbGRcCTd2012-02-23iLF1l0oxxx R337p29968-30r2020-06-25te. 3w2020-06-25yLFDSZPréstamo en sala 0010718PDaPDbPDcHDd2011-04-28iLF1l0oxxx R337p29968-10r2020-06-25w2020-06-25yLFPDZNo se presta 0010718PDaPDbPDcCTd2011-06-08iLF1l0oxxx R337p29968-20r2020-06-25te. 2w2020-06-25yLFPDZNo se presta c29460d29460